000 00911nam a22002417a 4500
001 81650
003 BD-RjUL
005 20230807170130.0
008 230807s2020 bg a|||| m||| 00| 0 eng d
035 _a(BD-RjUL)81650
040 _aBD-RjUL
_beng
_cBD-RjUL
_dBD-RjUL
041 _aeng
082 _223
_a332.642
_bHOM 2020
100 _aHossain, Ahammad.
_98242
245 1 0 _aModeling and forecasting selected indicators of Dhaka stock exchange /
_cResearcher Ahammad. Hossain ;
_6Supervisor : Md. Ayub Ali,
260 _aRajshahi :
_bInstitute of Bangladesh Studies, University of Rajshahi,
_c2020
300 _axxvii, 173 leaves :
_bill, ;
_c29.cm.
502 _aThesis (Ph. D.) -- Institute of Bangladesh Studies, University of Rajshahi, 2020
504 _aBibliography : 139 -150
650 _aStock exchange
_xFinancial economics
_98243
700 _aAli, Md. Ayub, Supervisor
_91280
942 _2ddc
_cTHE
999 _c81650
_d81650